| 000 | 00450nam a22001577a 4500 | ||
|---|---|---|---|
| 008 | 230328b |||||||| |||| 00| 0 eng d | ||
| 040 |
_aNational Science Library _cNational Science Library |
||
| 080 |
_aR 91(03)(058) _bL5 |
||
| 100 | _aPaxton, John | ||
| 245 | _aStatesman's year-book world gazetteer | ||
| 260 |
_aLondon: _bMacmillan & Co Ltd, _c1975 |
||
| 300 | _axiii, 24p. | ||
| 650 | _aGeography | ||
| 653 | _aGazetteer | ||
| 942 |
_2udc _cREF |
||
| 999 |
_c15898 _d15898 |
||